Регионална библиотека "Любен Каравелов" - Русе

[Сто и двадесет] 120 години българско изкуство (Запис номер 137226)

MARC детайли
000 -Лидер
Контролно поле с фиксирана дължина 02289nam a2200457 c 4500
003 - Код на организацията, давaща контролен номер
Контролно поле BLK
005 - Дата и час на последна редакция
Контролно поле 20230914093024.0
008 - Елементи от данни с фиксирана дължина
fixed length control field 180409b bul|||||r ||||||| ||bul||
010 ## - Наследен системен номер
LC control number KNG00143192000
020 ## - Международен стандартен номер на книга ISBN
Международен стандартен номер на книга ISBN 978-954-92951-3-1
-- издат.: Фонд. Поддържане на изкуството в България
040 ## - Източник на каталожния запис
Идентификатор на билиотеката - собственик на записа BLK
041 ## - Код за език
Код за езика на текст/звукозапис или на отделно заглавие Български
Код за езика КДБФ Български
072 #7 - Код за тематичната категория
Код организация bullib
Код за тематична категория Н70
Текст Изкуства Н
080 ## - УДК
Текстов определител УДК Изобразителни изкуства и художествени занаяти
УДК код - определител по УДК 73/76
УДК определител :061.25(497.2)(091)
УДК - код + определител 73/76:061.25(497.2)(091)
100 1# - Редна дума - Автор
Автор Рангелова, Бистра Симеонова
Авторска отговорност първи автор
R(LIN) 325749
139 ## - Редно поле
Редна дума [Сто и двадесет] 120 години българско изкуство
Авторски знак Сто - С 77
245 10 - Сведения за заглавието
Заглавие [Сто и двадесет] 120 години българско изкуство
Подзаглавни данни 1892 - 2012 : Дружества, съюзи, групи
Редно поле (дума) Бистра Симеонова Рангелова; състав. Димитър Грозданов.
257 ## - Страна на издаване
Страна на създаване/издаване България
260 ## - Област на издателските данни
-- София
Име на издателя, разпространителя и проч. Фонд. Поддържане на изкуството в България
Година на издаване 2012
Печатница София : Алианс принт
300 ## - Физическа характеристика
Страници 364 с.
Илюстрации и др. с ил.
Размери/Мащаб 28 см
380 ## - Жанр
Жанр Изкуство
500 ## - Общи забележки
Забележка Индекс на личните имена.
650 #4 - Допълнително описание по предмет – тема
Основно описание – тема или топоним България - изобразителни изкуства
9 (RLIN) 280117
650 #4 - Допълнително описание по предмет – тема
Основно описание – тема или топоним Изобразително изкуство - България - групи, дружества, съюзи и други обединения
9 (RLIN) 313901
650 #4 - Допълнително описание по предмет – тема
Основно описание – тема или топоним Изобразително изкуство - България - история
9 (RLIN) 246296
651 #4 - Допълнително описание по предмет - топоним
Географско понятие България
9 (RLIN) 241624
653 ## - Ключова дума – ненормативна
Ключова дума българско изкуство
653 ## - Ключова дума – ненормативна
Ключова дума изобразително изкуство
653 ## - Ключова дума – ненормативна
Ключова дума дружества
653 ## - Ключова дума – ненормативна
Ключова дума съюзи
653 ## - Ключова дума – ненормативна
Ключова дума групи
653 ## - Ключова дума – ненормативна
Ключова дума история
659 ## - Тематичен бюлетин
Тематичен бюлетин Н
700 1# - Други автори (авторска отговорност)
Лично име Грозданов, Димитър
Автороска отговорност (Описва отношението между автора и произведението) състав.
9 (RLIN) 325750
852 ## - Местоположение
Форматна сигнатура Цб ІІ 17908
856 4# - Електронен адрес и достъп
Електронен формат pdf - файл
Път до файла /url/
856 4# - Електронен адрес и достъп
Електронен формат pdf - файл
Път до файла /url/
942 ## - АРТИКУЛИ
Вид на библиотечния материал Книги
Скрит в OPAC Не
Koha issues (borrowed), all copies 3
944 ## - СЪЗДАВАНЕ И РЕДАКЦИЯ на ЗАПИСА
Създаване/Редакция Създаване
Дата на регистрацията/редакция 28.05.2013
Статус, дата на статуса Русанова Ирена
Служител, извършил регистрацията/редакцията 30542
944 ## - СЪЗДАВАНЕ И РЕДАКЦИЯ на ЗАПИСА
Създаване/Редакция Редакция
Дата на регистрацията/редакция 30.11.2015
Статус, дата на статуса ф /
Служител, извършил регистрацията/редакцията Пенка_Димитрова
999 ## - СИСТЕМНИ КОНТРОЛНИ НОМЕРА
Koha biblionumber 137226
Koha biblioitemnumber 137226
Наличности
Код за отписване Код за изгубен артикул Източник на класификационната схема Код за повреда Коз за рестрикции Код за отдаване Артикулен № Име на библиотеката - собственик Име на библиотеката, в която се намира в момента Статус (Текущо местоположение) Дата на вписване в системата Местоположение - отдел Цена в лева Инвентарен номер Систематично азбучна сигнатура Баркод Номер на екземпляра Цена в евро Служебна бележка Служебен тип на артикула
  Не е изгубен Universal Decimal Classification Не е повреден само за читалня ползва се в читалня 224412 Регионална библиотека "Любен Каравелов" Русе Регионална библиотека "Любен Каравелов" Русе Изкуство - справочен фонд 2013-05-27 Изкуство - справочен фонд 45.00 120000766286 73/76(497.2)/С 77 120000766286 1 23.01 Дост: Pk Вид: Ф N: 365 Дата: 27.05.2013 Книги
  Не е изгубен Universal Decimal Classification Не е повреден само за читалня ползва се в читалня 224413 Регионална библиотека "Любен Каравелов" Русе Регионална библиотека "Любен Каравелов" Русе Хранилище 2014-07-03 Хранилище 45.00 120000778785 Цб ІІ 17908 120000778785 2 23.01 Дост: Dp Вид: Д N: 35 Дата: 15.08.2013 Книги
  Не е изгубен Universal Decimal Classification Не е повреден без рестрикции заемане за дома 224414 Регионална библиотека "Любен Каравелов" Русе Регионална библиотека "Любен Каравелов" Русе Отдел Изкуство - подръчен фонд 2015-11-30 Отдел Изкуство - подръчен фонд 45.00 120000795150 73/76(497.2)/С 77 120000795150 3 23.01 Дост: DA Вид: А N: 24 Дата: 30.11.2015 Книги
Vip Innovations Ltd, Rousse, Bulgaria 2025